000 00483nam a22001817a 4500
005 20180205165057.0
008 160428b xxu||||| |||| 00| 0 eng d
020 _a007-124083-7
041 _aeng
082 _b00693
_a005.1
100 _aPressman, Roger S.
_9187
245 _aSoftware Engineering :A Practitioneris Approach
250 _a6th ed.
260 _aNew York
_bMC Graw Hill International,
_c2005
300 _a912
650 _aInformation Technology
_9137
942 _cBK
999 _c202
_d202